Capital for labour

Enregistré dans:
Détails bibliographiques
Auteur principal: Lloyd, William Francis
Format: Livre
Langue:Undetermined
Publié: London T. F. Unwin limited (E. Benn ltd.) 1927
Sujets:
Tags: Ajouter un tag
Pas de tags, Soyez le premier à ajouter un tag!
Thư viện lưu trữ: Trung tâm Học liệu Trường Đại học Cần Thơ
LEADER 00578nam a2200193Ia 4500
001 CTU_98524
008 210402s9999 xx 000 0 und d
082 |a 331.1 
082 |b L793 
100 |a Lloyd, William Francis 
245 0 |a Capital for labour 
245 0 |c William Francis Lloyd, Bertram Herbert Austin 
260 |a London 
260 |b T. F. Unwin limited (E. Benn ltd.) 
260 |c 1927 
650 |a Industries,Labor and laboring classes 
650 |z Great Britain,Great Britain 
904 |i Năm 
980 |a Trung tâm Học liệu Trường Đại học Cần Thơ